Police Quarterly

Bibliographic Details
Format: eBook
Language:English
Subjects:
Online Access:Acceso restringido

MARC

LEADER 00000nam a22000007a 4500
005 2021101303473.0
007 cr|||| ||||
008 211013c1998 us qr|w s|||| 0|||b1eng d
022 |a 1098-6111 
035 |a 33829 
040 |a vLex 
090 |c 12543  |d 12543 
245 0 0 |a Police Quarterly  |h [Recurso electrn̤ico] / 
256 |a Servicio en ln̕ea 
300 |a 1 recurso electrn̤ico 
310 |a Trimestral 
506 1 |a Disponible solo en los productos indicados  |d vLex Global  |d vLex Global (Academic Edition, excluding Law Schools)  |d vLex Global (Academic Edition, Law Schools) 
650 0 4 |a Derecho Penal  |z Estados Unidos 
740 0 |a vLex Revistas (Servicio en ln̕ea) 
856 4 0 |u https://app.vlex.com/#/sources/33829  |z Acceso restringido 
942 |c REV 
999 0 |a Criminal law